000 00411nab a2200145Ia 4500
003 ES-SlBCS
005 20210601145231.0
008 140529s1935 xxu||||| |||| 00| 0 spa d
041 _aspa
100 1 _aJarnes, Benjamín
_936775
245 0 0 _aHistoria y poesía
_c Benjamín Jarnes
650 0 4 _aHistoria
_92130
773 0 _tRevista de Occidente
_gvol. 49, nº. 146, 1935, págs. 235-240
_wRev399
942 _cAR
999 _c721504
_d721504